000 00319 a2200157 4500
001 192219
020 _a978-85-61167-78-3
040 _cMagnum
100 _aBarros, Sônia
240 1 0 _aTatu-Balão
_lpor
245 1 0 _aTatu-Balão
300 _a36
362 0 _a2014
697 _aLITERATURA INFANTO
942 _cBK
999 _c192219
_d192219